000
00199 a2200109 4500
020
_a
9781933032870
041
_a
spa
100
_a
Kinney, Jeff
245
_a
Sin Salida!
942
_c
BK
952
_7
4
999
_c
23694
_d
23694